|
|
|
|
| LEADER |
01739cas a2200265 a 4500 |
| 001 |
AALejournalIMF007659 |
| 008 |
230101c9999 xx r poo 0 0eng d |
| 020 |
|
|
|c 5.00 USD
|
| 020 |
|
|
|z 9781451858327
|
| 022 |
|
|
|a 1018-5941
|
| 040 |
|
|
|a BD-DhAAL
|c BD-DhAAL
|
| 100 |
1 |
|
|a McDermott, C.
|
| 245 |
1 |
4 |
|a The Myth of Comoving Commodity Prices /
|c C. McDermott, Alasdair Scott, Paul Cashin.
|
| 264 |
|
1 |
|a Washington, D.C. :
|b International Monetary Fund,
|c 1999.
|
| 300 |
|
|
|a 1 online resource (20 pages)
|
| 490 |
1 |
|
|a IMF Working Papers
|
| 500 |
|
|
|a <strong>Off-Campus Access:</strong> No User ID or Password Required
|
| 500 |
|
|
|a <strong>On-Campus Access:</strong> No User ID or Password Required
|
| 506 |
|
|
|a Electronic access restricted to authorized BRAC University faculty, staff and students
|
| 520 |
3 |
|
|a There is a common perception that the prices of unrelated commodities move together. This paper re-examines this notion, using a measure of comovement of economic time series called concordance. Concordance measures the proportion of time that the prices of two commodities are concurrently in the same boom period or same slump period. Using data on the prices of several unrelated commodities, the paper finds no evidence of comovement in commodity prices. The results carry an important policy implication, as the study provides no support for earlier claims of irrational trading behavior by participants in world commodity markets.
|
| 538 |
|
|
|a Mode of access: Internet
|
| 700 |
1 |
|
|a Cashin, Paul.
|
| 700 |
1 |
|
|a Scott, Alasdair.
|
| 830 |
|
0 |
|a IMF Working Papers; Working Paper ;
|v No. 1999/169
|
| 856 |
4 |
0 |
|z Full text available on IMF
|u http://elibrary.imf.org/view/journals/001/1999/169/001.1999.issue-169-en.xml
|z IMF e-Library
|